1802 1341 1910 1831 1899 1175 1303 1848 1155 1474 1549 1833 1316 1821 1031 1537 1149 1216 1657 1264 1351 1054 1377 1584 1702 1002 1999 1510 1159 1062 1760 1023 1478 1969 1287 1690 1672 1291 1648 1581 1935 1600 1418 1247 1441 1768 1910 1109 1030 1524 1310 1955 1959 1030 1122 1957 1194 1991 1666 1188 1548 1306 1747 1847 1494 1095 1584 1786 1297 1149 1427 1477 1661 1233 1706 1432 1377 1711 1154 1902 1928 1452 1046 1052 1055 1763 1307 1103 1708 1294 1758 1666 1465 1259 1935 1268 1158 1372 1960 BCNSPRNW ULIB Ver.6.0+V

เปลี่ยนเป็นภาษาไทย

Change to English
 แสดงรายละเอียดบรรณานุกรม
  กลับหน้าหลัก

Brief Record : Get Marc (ISO 2709) : E-mail record : QR code < ปิดหน้าต่าง
LEADER : 00000nam 2200000uu 4500
001    13399109330
003     ULIB
008    110328s2553||||th 000 0 tha d
020    9786161102708
060 04 WA546^bว255ค 2553
110 1  สำนักงานสาธารณสุขจังหวัดกาฬสินธุ์^bกลุ่มงานพัฒนายุทธศาสตร์สาธารณสุข
245 00 คู่มือสำหรับพระสงฆ์ในการส่งเสริมสุขภาพประชาชนในชุมชนจังหวัดกาฬสินธุ์ /^cบรรณาธิการ,สม นาสอ้าน
260    [กาฬสินธุ์ :^bสำนักงานสาธารณสุขจังหวัดกาฬสินธุ์],^c2553
300    186 หน้า.:^bภาพประกอบ
650  7 6 อ.
650  0 การส่งเสริมสุขภาพ
650  0 วัดส่งเสริมสุขภาพ
650  0 โรค^xการป้องกันและการรักษา
700 0  สม นาสอ้าน,^eบรรณาธิการ
945    ^p0^l0^i027729
995    ทศพร
999 ^a ใช้งานได้ทุกระบบ
รายการนี้ยังไม่มีแท็ก
คุณยังไม่ได้ล็อกอิน คุณสามารถมีกิจกรรมร่วมกับเว็บไซต์ได้ แต่ต้องล็อกอินก่อน ::
  ล็อกอิน

รายการสื่อสารสนเทศ

ลำดับที่ ประเภท เลขเรียก/บาร์โค้ด สถานที่ สถานะ
1. วิทยาศาสตร์การแพทย์ และสุขภาพ
หนังสือสำรอง
สถานะ=หนังสือสำรอง
WA546 ว255ค 2553 ฉ.1 
  Barcode: 027729
ห้องสมุดวิทยาเขตสวรรค์ประชารักษ์
►ส่วนจัดเก็บหนังสือเก่า สปร
บนชั้น
  ขอยืม

รายการใกล้เคียง
    หัวเรื่อง [การส่งเสริมสุขภาพ]

BibComment


ยังไม่เคยถูกคอมเมนท์

คอมเมนท์ทรัพยากรรายการนี้
  คอมเมนท์: คู่มือสำหรับพระสง..


 Copyright 2026. Bcnsprnw @Library